Estadísticas para Países del Imperio Persa en un Mapa

Haz click aquí para tomar la prueba!

Estadísticas generales

  • Esta prueba ha sido tomada 1.408 veces
  • La puntuación promedio es 31 de 32

Respuestas en el mapa

Las respuestas están codificadas por una escala verde-roja en el mapa de la prueba según el % correcto abajo.
Cargando...
 

Estadísticas de respuestas

Países% Correcto
Irak
99%
Irán
99%
Israel
99%
Arabia Saudita
98%
Egipto
98%
India
98%
Pakistán
98%
Turquía
98%
Afganistán
97%
Grecia
97%
Libia
97%
Rusia
97%
Siria
97%
Uzbekistán
97%
Armenia
96%
Azerbaiyán
96%
Bulgaria
96%
Chipre
96%
Emiratos Árabes Unidos
96%
Georgia
96%
Jordania
96%
Kazajistán
96%
Líbano
96%
Omán
96%
Rumania
96%
Ucrania
96%
Kuwait
95%
Turkmenistán
95%
Kirguistán
94%
China
93%
Tayikistán
93%
Moldavia
82%

Distribución de puntuación

Porcentaje por número respondido

Porcentaje de gente con cada puntuación

Historial de tus puntuaciones

No has tomado esta prueba